1499 1630 1701 1446 1552 1457 1757 1360 1751 1923 1968 1154 1130 1076 1762 1596 1231 1239 1677 1099 1800 1208 1157 1043 1963 1540 1556 1007 1759 1794 1560 1782 1615 1723 1707 1520 1380 1063 1297 1445 1072 1190 1680 1315 1282 1961 1498 1633 1764 1404 1179 1977 1653 1097 1147 1209 1528 1849 1598 1647 1272 1722 1350 1884 1712 1583 1212 1451 1599 1814 1090 1966 1423 1826 1978 1900 1080 1021 1977 1544 1193 1579 1686 1270 1577 1031 1108 1285 1811 1552 1585 1038 1073 1096 1966 1738 1767 1565 1345 BCNSPRNW ULIB Ver.6.0+V

เปลี่ยนเป็นภาษาไทย

Change to English
 แสดงรายละเอียดบรรณานุกรม
  กลับหน้าหลัก

Brief Record : Get Marc (ISO 2709) : E-mail record : QR code < ปิดหน้าต่าง
LEADER : 00000nam 2200000uu 4500
001    13399123440
003     ULIB
008    020711s2555 th a 000 0 tha d
020    9789741116119
060  4 WA400^bว582ค
100    วิทยา อยู่สุข
245    ความปลอดภัยในการประกอบอาชีพ^b= Occupational Safety/^cวิทยา อยู่สุข
250    พิมพ์ครั้งที่ 1
260    กรุงเทพฯ :^bเบสท์ กราฟฟิค เพรส,^c2555
300    536 หน้า;^b24.5 ซม.
650    ความปลอดภัย
650    อุตสาหกรรม^xความปลอดภัย
650    อาชีพ^xความปลอดภัย
945    ^p320^l0^i20615
945    ^p320^l0^i20616
945    ^p320^l0^i20617
945    ^p320^l0^i20618
945    ^p320^l0^i20619
999    ^aทศพร เกษรทอง
รายการนี้ยังไม่มีแท็ก
คุณยังไม่ได้ล็อกอิน คุณสามารถมีกิจกรรมร่วมกับเว็บไซต์ได้ แต่ต้องล็อกอินก่อน ::
  ล็อกอิน

รายการสื่อสารสนเทศ

ลำดับที่ ประเภท เลขเรียก/บาร์โค้ด สถานที่ สถานะ
1. วิทยาศาสตร์การแพทย์ และสุขภาพ
วิทยาศาสตร์การแพทย์ และสุขภาพ
สถานะ=หนังสือเก่า
WA400 ว582ค ฉ.1 
  Barcode: 20615
ห้องสมุดวิทยาเขตนครสวรรค์
►ส่วนจัดเก็บหนังสือเก่า นว.
บนชั้น
  ขอยืม
2. วิทยาศาสตร์การแพทย์ และสุขภาพ
วิทยาศาสตร์การแพทย์ และสุขภาพ
สถานะ=หนังสือเก่า
WA400 ว582ค ฉ.2 
  Barcode: 20616
ห้องสมุดวิทยาเขตนครสวรรค์
►ส่วนจัดเก็บหนังสือเก่า นว.
บนชั้น
  ขอยืม
3. วิทยาศาสตร์การแพทย์ และสุขภาพ
วิทยาศาสตร์การแพทย์ และสุขภาพ
สถานะ=หนังสือเก่า
WA400 ว582ค ฉ.3 
  Barcode: 20617
ห้องสมุดวิทยาเขตนครสวรรค์
►ส่วนจัดเก็บหนังสือเก่า นว.
บนชั้น
  ขอยืม
4. วิทยาศาสตร์การแพทย์ และสุขภาพ
วิทยาศาสตร์การแพทย์ และสุขภาพ
สถานะ=หนังสือเก่า
WA400 ว582ค ฉ.4 
  Barcode: 20618
ห้องสมุดวิทยาเขตนครสวรรค์
►ส่วนจัดเก็บหนังสือเก่า นว.
บนชั้น
  ขอยืม
5. วิทยาศาสตร์การแพทย์ และสุขภาพ
วิทยาศาสตร์การแพทย์ และสุขภาพ
สถานะ=หนังสือเก่า
WA400 ว582ค ฉ.5 
  Barcode: 20619
ห้องสมุดวิทยาเขตนครสวรรค์
►ส่วนจัดเก็บหนังสือเก่า นว.
บนชั้น
  ขอยืม

รายการใกล้เคียง
    ผู้แต่ง [วิทยา อยู่สุข]

    หัวเรื่อง [ความปลอดภัย]

BibComment


ยังไม่เคยถูกคอมเมนท์

คอมเมนท์ทรัพยากรรายการนี้
  คอมเมนท์: ความปลอดภัยในการป..


 Copyright 2026. Bcnsprnw @Library